000
002300000a22000970004500
100
1
_a
Peña, Bernardo Alberto
245
1
0
_a
Ayyy, mi bonanza
300
_a
Vol. 24, Núm 24 (1993), Páginas 16-19
773
0
_t
Cambio 16
942
_c
ANA
999
_c
58329
_d
58329